Rosalinde tiene ideas en la cabeza (Registro nro. 275)

Detalles MARC
000 -CABECERA
Longitud fija campo de control 00810nam a2200253Ia 4500
005 - • FECHA Y HORA DE LA ÚLTIMA TRANSACCIÓN
Fecha y hora de la última transacción 20220316235224.0
008 - • CÓDIGOS DE INFORMACIÓN DE LONGITUD FIJA
Códigos de información de longitud fija 121119s2002 sp a gr 000 j spa
020 ## - • NÚMERO INTERNACIONAL NORMALIZADO PARA LIBROS
Número Internacional Normalizado para Libros (ISBN) 8420448044
041 0# - • CÓDIGO DE LENGUA
Código de lengua del texto/banda sonora o título independiente spa
040 ## - FUENTE DE LA CATALOGACIÓN
Centro catalogador de origen CO-BoRNBP
Lengua de catalogación spa
Normas de descripción rda
Centro transcriptor CO-BoRNBP
084 ## - • Clasificación Local Alfanúmerica PNLB
Número de clasificación N NOS1
100 1# - • PUNTO DE ACCESO PRINCIPAL-NOMBRE DE PERSONA
Nombre de persona Nostlinger, Christine,
Fechas asociadas al nombre 1936-
245 10 - • TITULO PROPIAMENTE DICHO
Título Rosalinde tiene ideas en la cabeza
Mención de responsabilidad, etc. Christine Nostlinger
250 ## - • MENCIÓN DE EDICIÓN
Mención de edición Vigésima primera edición
264 #1 - PRODUCCIÓN, PUBLICACIÓN , DISTRIBUCIÓN, FABRICACIÓN Y COPYRIGHT
Lugar de producción, publicación, distribución, fabricación Madrid
Nombre del productor, editor, distribuidor, fabricante Santillana
Fecha de de producción, publicación, distribución, fabricación o copyright 2002
300 ## - • DESCRIPCIÓN FÍSICA
Extensión 76 páginas
Otras características físicas ilustraciones
Dimensiones 19 cm.
336 ## - TIPO DE CONTENIDO
Término de tipo de contenido texto
Código de tipo de contenido txt
Fuente rdacontent
337 ## - TIPO DE MEDIO
Nombre del tipo de medio sin mediación
Código del tipo de medio n
Fuente rdamedia
338 ## - TIPO DE SOPORTE
Nombre del tipo de soporte volumen
Código del tipo de soporte nc
Fuente rdacarrier
586 ## - • NOTA DE PREMIOS
Nota de premios Premio Hans Christian Anders, 1984
650 14 - • PUNTO DE ACCESO ADICIONAL DE MATERIA - TÉRMINO DE MATERIA
Fuente del encabezamiento o término LEMB
Término de materia o nombre geográfico como elemento inicial Literatura austríaca
Subdivisión cronológica Siglo XX
650 14 - • PUNTO DE ACCESO ADICIONAL DE MATERIA - TÉRMINO DE MATERIA
Fuente del encabezamiento o término LEMB
Término de materia o nombre geográfico como elemento inicial Cuentos infantiles austríacos
942 ## - ENTRADA DE ELEMENTOS AGREGADOS (KOHA)
Fuente de clasificaión o esquema
Koha [por defecto] tipo de item Libro Literatura
Existencias
Perdido Fuente de clasificación o esquema Estado Físico No para préstamo Forma de adquisición Localización permanente Localización actual Localización en estanterías Fecha adquisición Signatura completa Código de barras Fecha última consulta Número de copia Fecha del precio de reemplazo Tipo de item de Koha Préstamos totales
  Dewey Decimal Classification     Infantil Biblioteca Pública Cubarral Biblioteca Pública Cubarral Sala Infantil 07/18/2023 N NOS1 CUB00203 07/18/2023 Ej.1 07/18/2023 Libro Literatura  
  Dewey Decimal Classification     Infantil Biblioteca Pública Dorado Biblioteca Pública Dorado Sala Infantil 02/28/2023 N NOS1 DOR01361 02/28/2023 Ej.1 02/28/2023 Libro Literatura  
  Dewey Decimal Classification     Infantil Biblioteca Pública Puerto Lleras Biblioteca Pública Puerto Lleras Sala Infantil 10/13/2023 N NOS1 PLL00206 10/13/2023 Ej.1 10/13/2023 Libro Literatura  
  Dewey Decimal Classification     Infantil Biblioteca Pública San Carlos de Guaroa - Eduardo Carranza Biblioteca Pública San Carlos de Guaroa - Eduardo Carranza Sala Infantil 06/27/2023 N NOS1 SG00606 06/27/2023 Ej.1 06/27/2023 Libro Literatura  
  Dewey Decimal Classification     Infantil Biblioteca Pública El Castillo - Alfonso Meneses Biblioteca Pública El Castillo - Alfonso Meneses Sala Infantil 08/26/2023 N NOS1 EC00368 08/26/2023 Ej.1 08/26/2023 Libro Literatura  
  Dewey Decimal Classification     Infantil Biblioteca Pública Guamal Biblioteca Pública Guamal Sala Infantil 02/22/2023 N NOS1 GUA001707 02/22/2023 Ej.1 02/22/2023 Libro Infantil  
  Dewey Decimal Classification     Infantil Biblioteca Pública La Macarena Biblioteca Pública La Macarena Sala Infantil 07/11/2025 N NOS1 LM02454 07/11/2025 Ej.1 07/11/2025 Libro Literatura  
  Dewey Decimal Classification     Infantil Biblioteca Pública Mapiripan Biblioteca Pública Mapiripan Sala Infantil 01/24/2024 N NOS1 MAP00003505 01/24/2024 Ej.1 01/24/2024 Libro Literatura  
  Dewey Decimal Classification     Infantil Biblioteca Pública Puerto Rico Biblioteca Pública Puerto Rico Sala Infantil 12/12/2022 N NOS1 PR000001139 12/12/2022 Ej.1 12/12/2022 Libro Literatura  
  Dewey Decimal Classification     Infantil Biblioteca Pública Uribe - Reinerio Arenas Biblioteca Pública Uribe - Reinerio Arenas Sala Infantil 06/20/2025 N NOS1 URI02575 06/20/2025 Ej.1 06/20/2025 Libro Infantil  









Instituto Departamental de Cultura del Meta - Red Departamental de Bibliotecas Públicas del Meta.